00418nam a2200169Ia 4500003000400000005001700004008004100021020001500062050002600077100002300103245003300126260003500159300003300194440000600227521000700233526000800240OSt20140312103344.0140130s9999 xx 000 0 und d a0439267064 aG 530.T6 b.Sh48 2002 aSherrow, Victoria  aTitanic /cVictoria Sherrow. bScholastic,c2002.aNew York : a48 p. :bcol. ill. ;c22 cm. v1 aG3 c580